| 000 | 00512cam a22002051 4500 | ||
|---|---|---|---|
| 001 | sa 64003597 | ||
| 003 | DLC | ||
| 005 | 20260227112018.0 | ||
| 008 | 890405s1962 xx 000 0 benr | ||
| 010 | _asa 64003597 | ||
| 035 | _a(OCoLC)23571931 | ||
| 040 |
_aDLC _cMiU _dDLC |
||
| 050 | 0 | 0 |
_aG464 _b.H83 |
| 100 | 1 | _aHusain, Shahadat. | |
| 245 | 1 | 0 | _aBipula, bipula pṛthibī. |
| 260 |
_a[n.p. _c1962] |
||
| 300 |
_a183 p. _billus., port. _c23 cm. |
||
| 500 | _aRomanized. | ||
| 650 | 0 | _aVoyages and travels. | |
| 999 |
_c58019 _d58019 |
||